| 000 | 00794cam a2200181 4500 | ||
|---|---|---|---|
| 001 | WS116512 | ||
| 008 | 020128n 000 0 eng u | ||
| 035 | _a(Sirsi) u116512 | ||
| 110 |
_aGeomatics Industry Association of Canada _94191 |
||
| 245 | _aGeomatics Industry Association of Canada | ||
| 520 | _aWeb site for this organisation which describes itself as 'Canada's premier source of information on the geomatics sector'. Includes a definition of geomatics and a searchable list of GIAC member firms, government agencies and educational institutions. | ||
| 650 | _aCANADA | ||
| 650 | _aINTERNATIONAL | ||
| 650 | _aCANADIAN ASSOCIATION OF AERIAL SURVEYORS | ||
| 690 |
_aGEOMATICS _96242 |
||
| 856 | 4 | 0 |
_uhttps://www.giac.ca _zView the website free of charge at www.giac.ca... |
| 942 | _n0 | ||
| 999 |
_c120005 _d120005 |
||